Most Populated Places in North Yorkshire - Statistics

General Stats
  • This quiz has been taken 201 times
  • The average score is 26 of 73
Answer Stats
Hint Answer % Correct
152,841 York
97%
38,715 Scarborough
95%
13,213 Whitby
94%
138,142 Middlesbrough
88%
73,576 Harrogate
87%
16,702 Ripon
80%
4,888 Malton
76%
10,655 Northallerton
75%
6,830 Pickering
75%
14,731 Selby
74%
4,998 Thirsk
73%
6,981 Filey
71%
37,073 Redcar
70%
14,623 Skipton
67%
15,441 Knaresborough
66%
1,515 Helmsley
58%
8,413 Richmond
51%
17,777 Guisborough
49%
4,627 Easingwold
45%
2,564 Settle
44%
8,428 Haxby
43%
3,156 Bedale
41%
3,155 Catterick
40%
1,137 Hawes
40%
7,387 Norton
39%
4,757 Stokesley
39%
3,405 Boroughbridge
37%
2,183 Leyburn
37%
6,003 Tadcaster
37%
4,335 Seamer
33%
1,126 Grassington
31%
5,958 Saltburn-By-The-Sea
29%
22,215 Acomb
28%
3,237 Bishopthorpe
27%
4,629 Great Ayton
27%
7,988 Loftus
26%
6,657 Sherburn In Elmet
25%
5,610 Eastfield
24%
1,205 Masham
24%
2,210 Pateley Bridge
24%
3,040 Kirbymoorside
23%
4,173 Copmanthorpe
22%
1,270 Giggleswick
22%
2,328 Cayton
20%
3,132 Hunmanby
20%
13,000 Catterick Garrison
19%
1,549 Cawood
19%
2,186 Ingleton
19%
3,230 Dunnington
18%
1,018 Glaisdale
18%
1,759 Thornton Dale
18%
2,055 Brompton
17%
1,678 East Ayton
17%
1,214 Stockton-On-The-Forest
17%
1,239 Elvington
16%
6,930 Normanby
16%
1,345 Ampleforth
15%
1,572 Hutton Rudby
15%
2,788 Leeming
15%
1,019 Sheriff Hutton
15%
24,741 Thornaby-On-Tees
15%
5,394 Brotton
14%
3,027 High Bentham
13%
12,108 Huntingdon
13%
2,332 Riccal
13%
6,177 Romanby
13%
2,107 Wheldrake
13%
8,384 Yarm-On-Tees
13%
7,003 Eston
12%
1,248 Osgodby
10%
5,299 Brayton
8%
4,249 Sowerby
8%
1,012 Scorton
5%
No matching quizzes found
Score Distribution
Percent of People with Each Score
Percentile by Number Answered
Your Score History
You have not taken this quiz